Ensembles de 5 - Statistiques

Statistiques générales
  • Ce quiz a été pris 49 fois
    28 depuis la dernière actualisation
  • Le résultat moyen est 11 sur 25
Statistiques - réponses
Groupes Réponses % Correct
Pentathlon militaire 50 mètres natation avec obstacles
100%
Les goûts Acide
100%
Les pays composant le mot BRICS Afrique du Sud
100%
Le G5 (« groupe des Cinq ») Allemagne
100%
Les factions de Divergente Altruistes
100%
Les membres du Club des cinq Annie Gauthier
100%
Doigts de la main Annulaire
100%
Doigts de la main Auriculaire
100%
Les membres de la cellule familiale des « Les Simpson » Bart Simpson
100%
Les couleurs des anneaux Olympique Bleu
100%
Membres dotés du droit de veto au Conseil de Sécurité des Nations Unies Chine
100%
Pentathlon militaire Course de cross-country de 8 km
100%
Pentathlon moderne (après les JO de 2024) Course d'obstacles à pied
100%
Pentathlon militaire Course d'obstacles (parcours du combattant)
100%
Les Soleils selon la mythologie maya Ehecatonatiuh (Soleil de Vent)
100%
Membres de Spice Girls Emma Bunton
100%
Le G5 (« groupe des Cinq ») Espagne
100%
Membres dotés du droit de veto au Conseil de Sécurité des Nations Unies Etats-Unis
100%
Le G5 (« groupe des Cinq ») France
100%
Membres dotés du droit de veto au Conseil de Sécurité des Nations Unies France
100%
Les factions de Divergente Fraternels
100%
Membres originaux du groupe One Direction (2010-2014) Harry Styles
100%
Les îles principales de Baléares Ibiza
100%
Les Sept-Îles Côtes-d'Armor (le nom est dû à une erreur de traduction) Île Plate | Enez Plat
100%
Les pays composant le mot BRICS Inde
100%
Les couleurs des anneaux Olympique Jaune
100%
Jours de travail traditionnels Jeudi
100%
Les étapes du deuil (modèle de Kübler-Ross) L'acceptation
100%
Les étapes du deuil L'acceptation
100%
Les étapes du deuil (modèle de Kübler-Ross) La colère
100%
Les étapes du deuil La colère
100%
Pentathlon antique La course d'un stade (environ 192 m)
100%
Le Pentateuque (les cinq premiers livres de la Bible, ils composent la Torah dans la religion juive) La Genèse
100%
Les vertus chevaleresques La loyauté
100%
Les sens La vue
100%
Les parallèles (sur le globe terrestre) Le cercle polaire {antarctique} ou cercle {antarctique} (66° 34' S)
100%
Les étapes du deuil Le choc
100%
Les vertus chevaleresques Le courage
100%
Les étapes du deuil (modèle de Kübler-Ross) Le déni
100%
Pentathlon antique Le lancer du javelot
100%
Les parallèles (sur le globe terrestre) L'{équateur} (0° latitude)
100%
Pentathlon antique Le saut en longueur
100%
Les piliers de l'islam Le témoignage de foi
100%
Les sens Le toucher
100%
Les parallèles (sur le globe terrestre) Le tropique du {Capricorne} (23° 26' S)
100%
Les sens L'ouïe
100%
Doigts de la main Majeur | Medius
100%
Les îles principales de Baléares Majorque
100%
Les membres de la cellule familiale des « Les Simpson » Marge Simpson
100%
Les membres du Club des cinq Michael Gauthier
100%
Les océans Océan Atlantique
100%
Les océans Océan Indien
100%
Les océans Océan Pacifique
100%
Les couleurs des anneaux Olympique Rouge
100%
Membres dotés du droit de veto au Conseil de Sécurité des Nations Unies Royaume-Uni
100%
Pentathlon athlétisme Saut en hauteur
100%
Pentathlon moderne (après les JO de 2024) Tir au pistolet
100%
The Jackson Five Toriano dit « Tito »
100%
Les couleurs des anneaux Olympique Vert
100%
Méthode des Five W's en anglais Who
100%
Méthode des Five W's en anglais Why
100%
Pentathlon moderne (après les JO de 2024) Cross country
80%
Les îles principales du Japon Hokkaidō
80%
Les sens L'odorat
80%
Les pays composant le mot BRICS Russie
80%
Pays bordant la mer Caspienne Russie
80%
Les membres du Club des cinq Dagobert
75%
Les éléments selon Aristote Feu
75%
Pentathlon athlétisme 800 mètres
67%
Les Soleils selon la mythologie maya Atonatiuh (Soleil d'Eau)
67%
Le G5 (« groupe des Cinq ») Italie
67%
Pentathlon athlétisme Lancer du poids
67%
Pentathlon moderne (avant les JO de 2024) L’équitation
67%
Les parallèles (sur le globe terrestre) Le tropique du {Cancer} (23° 26' N)
67%
Les membres de la cellule familiale des « Les Simpson » Lisa Simpson
67%
Les goûts Sucré
67%
Les sens Le goût
60%
Les cinq continent Afrique
50%
Les pays composant le mot BRICS Chine
50%
Pentathlon militaire Du tir
50%
Les cinq continent Eurasie
50%
Les îles principales du Japon Honshū
50%
Les Sept-Îles Côtes-d'Armor (le nom est dû à une erreur de traduction) Île Rouzic | Riouzig
50%
Les chanteurs du groupe Pentatonix originel Kevin Olusola
50%
Notes de la gamme pentatonique La
50%
Pentathlon moderne (après les JO de 2024) L'escrime
50%
Notes de la gamme pentatonique Mi
50%
Les couleurs des anneaux Olympique Noir
50%
Les cinq continent Océanie
50%
Postes au basket Pivot
50%
Notes de la gamme pentatonique
50%
Membres dotés du droit de veto au Conseil de Sécurité des Nations Unies Russie
50%
Les goûts Salé
50%
Pentathlon athlétisme Saut en longueur
50%
Membres fondateurs de l’ANASE Singapour
50%
Orteils Tertius
50%
Doigts de la main Index
40%
Les éléments de la tradition orientale Le feu
40%
Les piliers de l'islam Le pèlerinage
40%
Les pays composant le mot BRICS Brésil
33%
Les membres de la cellule familiale des « Les Simpson » Homer J. Simpson
33%
Les étapes du deuil (modèle de Kübler-Ross) La dépression
33%
Pentathlon moderne (avant les JO de 2024) La natation
33%
Les éléments de la tradition orientale La terre
33%
Les piliers de l'islam L'aumône
33%
Les parallèles (sur le globe terrestre) Le cercle polaire {arctique} ou cercle {arctique} (66° 34' N)
33%
Les sœurs Dionne Marie Reima Alma Dionne | Marie Reine Alma
33%
Postes au basket Meneur
33%
Pentathlon des neiges Patin à glace
33%
Doigts de la main Pouce
33%
Pentathlon moderne (avant les JO de 2024) Tir au pistolet
33%
Méthode des Five W's en anglais Where
33%
Les goûts Amer
25%
Postes au basket Arrière
25%
Les sœurs Dionne Émilie Marie Jeanne Dionne
25%
Pentathlon militaire Jet de grenades
25%
Pentathlon moderne (après les JO de 2024) La natation
25%
Pentathlon athlétisme 60 mètres haies
0%
Postes au basket Ailier
0%
Postes au basket Ailier fort
0%
Les éléments selon Aristote Air
0%
Les cinq continent Amérique
0%
Les sœurs Dionne Annette Lillianne Marie Dionne
0%
Les cinq continent Antartique
0%
Les factions de Divergente Audacieux
0%
Les chanteurs du groupe Pentatonix originel Avi Kaplan
0%
Pays bordant la mer Caspienne Azerbaïdjan
0%
Les îles principales de Baléares Cabrera
0%
Les sœurs Dionne Cécile Marie Émilda Dionne
0%
Les membres du Club des cinq Claudine Dorsel
0%
Pentathlon des neiges Course à pied
0%
Pentathlon moderne (avant les JO de 2024) Cross country
0%
Notes de la gamme pentatonique Do
0%
Pentathlon des neiges Du vélo
0%
Les éléments selon Aristote Eau
0%
Les factions de Divergente Erudits
0%
Les îles principales de Baléares Formentera
0%
Les membres du Club des cinq François Gauthier
0%
Membres de Spice Girls Geri Halliwell
0%
Orteils Hallux
0%
Les Sept-Îles Côtes-d'Armor (le nom est dû à une erreur de traduction) Île aux Moines | Enez ar Breur | Jentilez
0%
Les Sept-Îles Côtes-d'Armor (le nom est dû à une erreur de traduction) Île Bono | Enez Bonno
0%
Les Sept-Îles Côtes-d'Armor (le nom est dû à une erreur de traduction) Île Malban | Melbann
0%
Membres fondateurs de l’ANASE Indonésie
0%
Pays bordant la mer Caspienne Iran
0%
The Jackson Five Jackie
0%
The Jackson Five Jermaine
0%
Pays bordant la mer Caspienne Kazakhstan
0%
Les chanteurs du groupe Pentatonix actuel Kevin Olusola
0%
Les chanteurs du groupe Pentatonix originel Kirstin Maldonado
0%
Les chanteurs du groupe Pentatonix actuel Kirstin Maldonado
0%
Les îles principales du Japon Kyūshū
0%
Les vertus chevaleresques La courtoisie
0%
Piliers de la médecine chinoise L'acupuncture
0%
Les étapes du deuil La dénégation
0%
Piliers de la médecine chinoise La diététique
0%
Les vertus chevaleresques La générosité
0%
Pentathlon antique La lutte
0%
Piliers de la médecine chinoise La pharmacopée
0%
Les piliers de l'islam La prière
0%
Les éléments de la tradition orientale L'eau
0%
Les éléments de la tradition orientale Le bois
0%
Les étapes du deuil Le désespoir
0%
Le Pentateuque (les cinq premiers livres de la Bible, ils composent la Torah dans la religion juive) Le Deutéronome
0%
Les vertus chevaleresques Le dévouement
0%
Les piliers de l'islam Le jeûne
0%
Pentathlon antique Le lancer du disque
0%
Le Pentateuque (les cinq premiers livres de la Bible, ils composent la Torah dans la religion juive) Le Lévitique
0%
Les étapes du deuil (modèle de Kübler-Ross) Le marchandage
0%
Piliers de la médecine chinoise Le massage Tui Na
0%
Les éléments de la tradition orientale Le métal
0%
Piliers de la médecine chinoise Le Qi Qong
0%
Pentathlon moderne (avant les JO de 2024) L'escrime
0%
Le Pentateuque (les cinq premiers livres de la Bible, ils composent la Torah dans la religion juive) Les Nombres
0%
Le Pentateuque (les cinq premiers livres de la Bible, ils composent la Torah dans la religion juive) L'Exode
0%
Membres originaux du groupe One Direction (2010-2014) Liam Payne
0%
Membres originaux du groupe One Direction (2010-2014) Louis Tomlinson
0%
Jours de travail traditionnels Lundi
0%
Les membres de la cellule familiale des « Les Simpson » Maggie Simpson
0%
Membres fondateurs de l’ANASE Malaisie
0%
Jours de travail traditionnels Mardi
0%
The Jackson Five Marlon
0%
Les chanteurs du groupe Pentatonix actuel Matt Sallee
0%
Membres de Spice Girls Melanie Brown
0%
Membres de Spice Girls Melanie Chisholm
0%
Jours de travail traditionnels Mercredi
0%
The Jackson Five Michael
0%
Les îles principales de Baléares Minorque
0%
Les chanteurs du groupe Pentatonix originel Mitch Grassi
0%
Les chanteurs du groupe Pentatonix actuel Mitch Grassi
0%
Membres originaux du groupe One Direction (2010-2014) Niall Horan
0%
Les océans Océan Arctique
0%
Les océans Océan Austral
0%
Les Soleils selon la mythologie maya Ocelotonatiuh (Soleil Jaguar) | Yoaltonatiuh (Soleil de nuit) | Tlaltonatiuh (Soleil de terre)
0%
Les îles principales du Japon Okinawa
0%
Les Soleils selon la mythologie maya Ollintonatiuh (Soleil de mouvement)
0%
Membres fondateurs de l’ANASE Philippines
0%
Le G5 (« groupe des Cinq ») Pologne
0%
Orteils Quartus
0%
Les Soleils selon la mythologie maya Quiauhtonatiuh (Soleil de Pluie)
0%
Les éléments selon Aristote Quintessence | Ether
0%
Orteils Quintus
0%
Pentathlon des neiges Raquette
0%
Les chanteurs du groupe Pentatonix originel Scott Hoying
0%
Les chanteurs du groupe Pentatonix actuel Scott Hoying
0%
Orteils Secundus
0%
Les îles principales du Japon Shikoku
0%
Les factions de Divergente Sincères
0%
Pentathlon des neiges Ski de fond
0%
Notes de la gamme pentatonique Sol
0%
Les éléments selon Aristote Terre
0%
Membres fondateurs de l’ANASE Thaïlande
0%
Pays bordant la mer Caspienne Turkménistan
0%
Les goûts Unami
0%
Jours de travail traditionnels Vendredi
0%
Membres de Spice Girls Victoria Beckham
0%
Méthode des Five W's en anglais What
0%
Méthode des Five W's en anglais When
0%
Les sœurs Dionne Yvonne Édouilda Marie Dionne
0%
Membres originaux du groupe One Direction (2010-2014) Zayn Malik
0%
Aucun quiz correspondant
Distribution des résultats
% des personnes avec chaque résultat
Percentile par nombre de réponses
Votre historique - résultats
Vous n’avez pas pris ce quiz depuis la dernière actualisation